000 00607nam a2200181Ia 4500
008 151202s9999||||xx |||||||||||||| ||und||
082 _bPNVM-32110
100 _aभावे पु.भा.
245 _aविठ्ठला पांडुरंगा.
260 _b"मेनका प्रकाशन,मुंबई."
260 _c1973
300 _a157
600 _aभावे पु.भा.
630 _aविठ्ठला पांडुरंगा.
700 _aभावे पु.भा.
730 _aविठ्ठला पांडुरंगा.
942 _cBOOK
999 _c1298071
_d1298068